LEADER 01265nam a2200241 i 4500 001 000000237843 003 CaOOAMICUS 005 20150113000000.0 008 150113s1968 it u000 u ita u 013 $a216748 040 $aSeMil$bita 245 13$aLe baronie di Stato :$bricerca sull'industria pubblica in Italia /$cCentro di ricerca e documentazione "Luigi Einaudi". 246 04$iTitolo in copertina:$aLa prolisferazione delle clientele conduce la democrazia italiana verso il neofeudalesimo industriale e politico 260 $aFirenze :$bSansoni,$c1968. 300 $a311 p. ;$c20 cm. 500 $aContiene : Appendice. 650 4$aAziende pubbliche - Italia.$0(OLS)http://semarc/subject/37127 700 1 $aCentro di ricerca e documentazione "Luigi Einaudi".$0(OLS)http://semarc/name/51030 850 $aSeMil 852 $aSeMil$W1$xVenegono$y1$m3N I 275$j188189$B188189$CSeMilBibl$Z2$F198976 $81 996 $6245$aLe baronie di Stato :$bricerca sull'industria pubblica in Italia$9(OLS)http://semarc/title/180777 996 $6246$aLa prolisferazione delle clientele conduce la democrazia italiana verso il neofeudalesimo industriale e politico$9(OLS)http://semarc/title/339045 996 $6260$aFirenze :$bSansoni$9(OLS)http://semarc/publisher/29843 LEADER 01276nam a2200253 i 4500 001 000000042167 003 CaOOAMICUS 005 20110404000000.0 008 110404s1994 xx u000 u eng u 013 $a13337 040 $aSeMil$bita 245 10$aProceedings of the 11. International Scientific Instrument Symposium :$bBologna University, Italy, 9-14 September 1991 /$cedited by Giorgio Dragoni, Anita McConnell, Gerard L'E. Turner. 260 $aBologna :$bGrafis,$c1994. 300 $a256 p. :$bill. ;$c30 cm. 650 4$aScienze applicate.$0(OLS)http://semarc/subject/180 700 1 $aInternational Scientific Instrument Symposium <11. ; 1991 ; Bologna>.$0(OLS)http://semarc/name/20805 700 1 $aTurner, Gerard L'E.$0(OLS)http://semarc/name/20807 700 1 $aMcConnell, Anita.$0(OLS)http://semarc/name/20806 700 1 $aDragoni, Giorgio.$0(OLS)http://semarc/name/15388 850 $aSeMil 852 $aSeMil$W1$xVenegono$y1$m3XD VI 1$j8322$B8322$CSeMilBibl$Z2$F8322 $81 961 $aOmaggio: Museo A. Stoppani 996 $6245$aProceedings of the 11. International Scientific Instrument Symposium :$bBologna University, Italy, 9-14 September 1991$9(OLS)http://semarc/title/61390 996 $6260$aBologna :$bGrafis$9(OLS)http://semarc/publisher/39543